Application Concepts of Process Control (Record no. 229732)

MARC details
000 -LEADER
fixed length control field 00486nam a2200193Ia 4500
008 - FIXED-LENGTH DATA ELEMENTS--GENERAL INFORMATION
fixed length control field 240823s9999||||xx |||||||||||||| ||und||
020 ## - INTERNATIONAL STANDARD BOOK NUMBER
International Standard Book Number 1-556-17080-7
082 ## - DEWEY DECIMAL CLASSIFICATION NUMBER
-- 660.281 M8
100 ## - MAIN ENTRY--PERSONAL NAME
Personal name Paul W Murril
245 #0 - TITLE STATEMENT
Title Application Concepts of Process Control
250 ## - EDITION STATEMENT
Edition statement I
260 ## - PUBLICATION, DISTRIBUTION, ETC. (IMPRINT)
Date of publication, distribution, etc 1988
Name of publisher, distributor, etc Instrument Society of Am
500 ## - GENERAL NOTE
General note TRANSFERED
650 ## - SUBJECT ADDED ENTRY--TOPICAL TERM
Topical term or geographic name as entry element Instrumentation
942 ## - ADDED ENTRY ELEMENTS (KOHA)
Item type Books
Holdings
Withdrawn status Lost status Damaged status Permanent location Current location Shelving location Date acquired Source of acquisition Full call number Barcode Date last seen Koha item type
      CENTRAL LIBRARY, NOORUL ISLAM CENTRE FOR HIGHER EDUCATION CENTRAL LIBRARY, NOORUL ISLAM CENTRE FOR HIGHER EDUCATION   04/23/2018 Del Net Book Xeox Copy 660.281 M8 78019 08/23/2024 Books
Visitors:
Copyright © 2024 Central Library NICHE.  All rights reserved.